एक होता चक्रमपूर. (Record no. 270335)

MARC details
000 -LEADER
fixed length control field 00681nam a2200181Ia 4500
008 - FIXED-LENGTH DATA ELEMENTS--GENERAL INFORMATION
fixed length control field 090630s9999 xx 000 0 und d
082 ## - DEWEY DECIMAL CLASSIFICATION NUMBER
Item number 18479
100 ## - MAIN ENTRY--PERSONAL NAME
Personal name टोळ दत्ता श्री.
245 ## - TITLE STATEMENT
Title एक होता चक्रमपूर.
Statement of responsibility, etc टोळ दत्ता श्री.
260 ## - PUBLICATION, DISTRIBUTION, ETC. (IMPRINT)
Name of publisher, distributor, etc कारजे - जगताप - पुणे.
Date of publication, distribution, etc 1970
300 ## - PHYSICAL DESCRIPTION
Extent 52
600 ## - SUBJECT ADDED ENTRY--PERSONAL NAME
Personal name टोळ दत्ता श्री.
630 ## - SUBJECT ADDED ENTRY--UNIFORM TITLE
Uniform title एक होता चक्रमपूर.
655 ## - INDEX TERM--GENRE/FORM
Genre/form data or focus term बालवाङमय.
700 ## - ADDED ENTRY--PERSONAL NAME
Personal name टोळ दत्ता श्री.
730 ## - ADDED ENTRY--UNIFORM TITLE
Uniform title एक होता चक्रमपूर.
942 ## - ADDED ENTRY ELEMENTS (KOHA)
Koha item type Book
Holdings
Withdrawn status Lost status Damaged status Not for loan Home library Current library Date acquired Cost, normal purchase price Total Checkouts Full call number Barcode Date last seen Cost, replacement price Price effective from Koha item type
        Sarvajanik Wachanalaya Shrivardhan Sarvajanik Wachanalaya Shrivardhan 02/08/2004 1.00   18479 SAWASHRI-18479 06/30/2009 1.00 06/30/2009 Book